| 000 | 00444nam a2200181Ia 4500 | ||
|---|---|---|---|
| 001 | 24284 | ||
| 005 | 20260414151033.0 | ||
| 008 | 260414t2021||||xx |||||||||||||| ||spa|| | ||
| 041 | _aESP | ||
| 082 |
_a345.2 _bP42 |
||
| 100 |
_aPeña Cabrera Freyre, Alonso Raúl _eAUT |
||
| 245 | 0 |
_aTécnicas de litigación oral _b |
|
| 260 | _c2021 | ||
| 300 |
_a447 páginas : _c25 cm. |
||
| 650 | _aDER | ||
| 654 | _aCDE | ||
| 942 |
_cLIB _dJUS _fJUS _2ddc _n |
||
| 999 |
_c24284 _d24284 |
||